| 000 | 00641nam a2200229Ia 4500 | ||
|---|---|---|---|
| 005 | 20250508164420.0 | ||
| 008 | 008 250505s9999 xx 000 0 eng d | ||
| 020 | _a978-81-317-1878-0 | ||
| 037 | _aTextBook | ||
| 040 |
_aFEDL _beng _cFEDL |
||
| 041 |
_aeng _2eng |
||
| 084 |
_a158.3, CAP _qFEDL |
||
| 100 | _aCapuzzi David | ||
| 245 | 0 | _aCounseling and psychotherapy: Theories and interventions | |
| 250 | _a4th | ||
| 260 |
_aNew Delhi, India _bPearson Education _c2008 |
||
| 300 | _axxi,487p. | ||
| 365 |
_aINR _b325 |
||
| 700 |
_a Gross Douglas R _9778066 |
||
| 942 |
_cTB _h158.3, CAP |
||
| 999 |
_c1389016 _d1389016 |
||